Imprisoned Mind: Guru Shisya Tradition in Indian Culture (Record no. 216548)
[ view plain ]
| 000 -LEADER | |
|---|---|
| fixed length control field | 00741nam a22002417a 4500 |
| 005 - DATE AND TIME OF LATEST TRANSACTION | |
| control field | 20211009115443.0 |
| 008 - FIXED-LENGTH DATA ELEMENTS--GENERAL INFORMATION | |
| fixed length control field | 211009b ||||| |||| 00| 0 eng d |
| 020 ## - INTERNATIONAL STANDARD BOOK NUMBER | |
| International Standard Book Number | 8170010691 |
| 040 ## - CATALOGING SOURCE | |
| Transcribing agency | AL |
| 041 ## - LANGUAGE CODE | |
| Language code of text/sound track or separate title | eng |
| 082 ## - DEWEY DECIMAL CLASSIFICATION NUMBER | |
| Edition number | 23 |
| Classification number | 001.20954 |
| Item number | JHAI |
| 100 ## - MAIN ENTRY--PERSONAL NAME | |
| Personal name | Akhileshwar Jha |
| 9 (RLIN) | 1060 |
| 245 ## - TITLE STATEMENT | |
| Title | Imprisoned Mind: Guru Shisya Tradition in Indian Culture |
| 250 ## - EDITION STATEMENT | |
| Edition statement | 2nd ed. |
| 260 ## - PUBLICATION, DISTRIBUTION, ETC. | |
| Place of publication, distribution, etc. | Delhi |
| Name of publisher, distributor, etc. | Chanakya Publications |
| Date of publication, distribution, etc. | 1989 |
| 300 ## - PHYSICAL DESCRIPTION | |
| Extent | vi,239p. |
| Other physical details | HB |
| Dimensions | 22x14 cm |
| 365 ## - TRADE PRICE | |
| Price amount | 200.00 |
| Currency code | ₹ |
| Unit of pricing | 200.00 |
| Price effective from | 24-03-2021 |
| 520 ## - SUMMARY, ETC. | |
| Uniform Resource Identifier | <a href="ttps://samufyrygijokada.conciergepdf.icu/imprisoned-mind-book-435xg.php">ttps://samufyrygijokada.conciergepdf.icu/imprisoned-mind-book-435xg.php</a> |
| 650 ## - SUBJECT ADDED ENTRY--TOPICAL TERM | |
| Topical term or geographic name entry element | Generalities |
| 9 (RLIN) | 1057 |
| 650 ## - SUBJECT ADDED ENTRY--TOPICAL TERM | |
| Topical term or geographic name entry element | Ancient Education |
| 9 (RLIN) | 1058 |
| 700 ## - ADDED ENTRY--PERSONAL NAME | |
| Personal name | JHA (Akhileshwar) |
| 9 (RLIN) | 1059 |
| 942 ## - ADDED ENTRY ELEMENTS (KOHA) | |
| Source of classification or shelving scheme | Dewey Decimal Classification |
| Koha item type | George Fernandes Collections |
| Withdrawn status | Lost status | Source of classification or shelving scheme | Damaged status | Not for loan | Collection code | Home library | Current library | Date acquired | Cost, normal purchase price | Total Checkouts | Full call number | Barcode | Date last seen | Uniform Resource Identifier | Price effective from | Koha item type |
|---|---|---|---|---|---|---|---|---|---|---|---|---|---|---|---|---|
| Dewey Decimal Classification | General | St Aloysius Library | St Aloysius Library | 03/24/2013 | 200.00 | 001.20954 JHAI | GF00949 | 10/09/2021 | ttps://samufyrygijokada.conciergepdf.icu/imprisoned-mind-book-435xg.php | 10/09/2021 | George Fernandes Collections |